000 01285nam a22003134a 4500
001 ebr10114192
003 CaPaEBR
006 m u
007 cr cn|||||||||
008 040915s2005 njua sb 001 0 eng
010 _z 2004021739
020 _z047168449X (cloth)
040 _aCaPaEBR
_cCaPaEBR
035 _a(OCoLC)85820469
050 1 4 _aTK2181
_b.C43 2005eb
082 0 4 _a621.31/042
_222
100 1 _aChiasson, John Nelson.
245 1 0 _aModeling and high performance control of electric machines
_h[electronic resource] /
_cJohn Chiasson.
260 _aHoboken, NJ :
_bJohn Wiley,
_c2005.
300 _axx, 709 p. :
_bill.
490 1 _aIEEE Press series on power engineering
504 _aIncludes bibliographical references (p. [691]-700) and index.
533 _aElectronic reproduction.
_bPalo Alto, Calif. :
_cebrary,
_d2013.
_nAvailable via World Wide Web.
_nAccess may be limited to ebrary affiliated libraries.
650 0 _aElectric machinery
_xAutomatic control
_xMathematical models.
655 7 _aElectronic books.
_2local
710 2 _aebrary, Inc.
830 0 _aIEEE Press series on power engineering.
856 4 0 _uhttp://site.ebrary.com/lib/rucke/Doc?id=10114192
_zAn electronic book accessible through the World Wide Web; click to view
999 _c209887
_d209887